Čerpanie prostriedkov z Operačného programu Doprava diplomová práca

Guardado en:
Detalles Bibliográficos
Autor principal: Babečková, Zuzana
Autor Corporativo: Fakulta podnikového manažmentu EU. Katedra podnikových financií
Otros Autores: Jánošová, Veronika, 1953-
Formato: Libro
Lenguaje:eslovaco
Publicado: Bratislava 2015
Etiquetas: Agregar Etiqueta
Sin Etiquetas, Sea el primero en etiquetar este registro!

MARC

LEADER 00000nbm a2200000 4500
001 0201365
005 20161212102820.3
041 0 |a slo 
044 |a SK 
245 1 0 |a Čerpanie prostriedkov z Operačného programu Doprava  |b diplomová práca  |c Zuzana Babečková ; školiteľ: Veronika Jánošová 
264 1 |a Bratislava  |c 2015 
300 |a 73 s. 
100 1 |a Babečková, Zuzana 
700 1 |a Jánošová, Veronika, 1953- 
710 2 |a Fakulta podnikového manažmentu EU. Katedra podnikových financií